00333 a2200097 4500001001000000005001700010008004100027245007300068100002700141773006700168ART_1298220260410161734.0260409a 10aLa empresa Argentina y su nivel de competitividad global (1º Parte)1 aFaga, Héctor Alberto0 tEjecutivos de finanzasg- Año 8, Nº 74 (abr. 1991)wREV2863